La dignità dei bambini e degli adolescenti nel mondo digitale (Record n. 359084)
[ formato base ]
| 000 -LEADER | |
|---|---|
| campo di controllo lung. fissa | 00547nam a22001937a 4500 |
| 003 - Identificatore del numero di controllo | |
| campo di controllo | IT-MiCISF |
| 005 - Data e orario dell'ultima transazione | |
| campo di controllo | 20201223145509.0 |
| 008 - Elementi di lunghezza fissa--Informazione generale | |
| campo di controllo lung. fissa | 201223b ||||| |||| 00| 0 eng d |
| 040 ## - Fonte della catalogazione | |
| Agenzia che fa la trascrizione | IT-MiCISF |
| 041 ## - Codice di lingua | |
| Codice di lingua del testo/traccia sonora o titolo separato | it |
| 100 ## - Accesso principale -- nome di persona | |
| Nome di persona | Telefono Azzurro |
| 9 (RLIN) | 58684 |
| 245 ## - Formulazione del titolo | |
| Titolo | La dignità dei bambini e degli adolescenti nel mondo digitale |
| 260 ## - Pubblicazione, distribuzione, ecc. (stampa) | |
| Luogo di pubblicazione, distribuzione, ecc. | Bologna |
| Nome dell'editore, distributore, ecc. | Telefono Azzurro |
| Data di pubblicazione, distribuzione, ecc. | 2019 |
| 300 ## - Descrizione fisica | |
| Estensione | pp. 19 |
| 500 ## - Nota generale | |
| Nota generale | diritti-bambino, nuovi-media, chiesa, società |
| 650 ## - Accesso aggiunto di soggetto--termine topico | |
| Termine topico o nome geografico come accesso | nuovi-media |
| 9 (RLIN) | 58685 |
| 654 ## - Accesso aggiunto di soggetto--termini topici faccettati | |
| Termine principale | divulgazione |
| 942 ## - Dati aggiuntivi (Koha) | |
| Fonte della classificazione o dello schema di collocazione (segnatura) | Dewey Decimal Classification |
| Tipo copia default (Koha) | DOCUMENTI |
| Ritirato (status) | Perso (status) | Fonte della classificazione o dello schema di collocazione (segnatura) | Danneggiato (status) | Non per il presito | Biblioteca proprietaria | Biblioteca in cui si trova | Data d'acquisizione | Totale prestiti | Collocazione | Data ultima operazione | Prezzo in vigore dal | Tipo copia default (Koha) |
|---|---|---|---|---|---|---|---|---|---|---|---|---|
| Dewey Decimal Classification | Buone Condizioni | Not For Loan | CISF - Milano | CISF - Milano | 23/12/2020 | dg120 | 23/12/2020 | 23/12/2020 | DOCUMENTI |